000 00314nam a2200133 i 4500
001 bg
100 1 _aURBAŃCZYK, Grzegorz W.
245 0 _aNauka o włóknie /
_cGrzegorz W. Urbańczyk.
260 _aWarszawa,
_c1985.
040 _cBPK
041 _apol
942 _cKS
008 s pl f |000 0 pol
999 _c3516
_d3516
856 _uhttp://koha.tu.koszalin.pl/cgi-bin/koha/opac-detail.pl?biblionumber=3516
_yKatalog online BPK